00606nam a2200181Ia 4500952012300000999001700123003000400140005001700144008004100161040000900202082001500211100002400226245006300250260004600313300000900359650002000368942003600388 00102ddc40708FICaMESbMEScENGd2019-02-20g4.00l0o823 NAG/Ap1372r2019-02-20 00:00:00w2019-02-20yBKzGR20R2 c11734d11734OSt20201110103305.0190216s9999||||xx |||||||||||||| ||und|| coclc a823bNAG/A aNagpal, Veena96371 0aAdventure In Space And The Time Travellers /cVeena Nagpal bI B H Publishing Company,c1967.aBombay: a104p aEnglish General cBK2ddch823iNAG/Ak823mNAG/A